002570000a22001090004500060000800000082001600008100001500024245004000039260000900079300000700088650005200095 a100 a630.715 TAM aTampi, A M aManual on extension work in farming c1967 a76 aAgriculture- Extension/ Farming- Extension work